Do High-Risk Parents Use More Aggression During Competitive Play With Children?

The present study examined the extent to which the aggressive tendencies of parents at risk for perpetrating child physical abuse (CPA) generalize to situations other than discipline-related encounters (e.g., a competitive gaming interaction). Participants included parents who were either low (n = 9...

Descripción completa

Guardado en:  
Detalles Bibliográficos
Autores principales: Crouch, Julie L. (Autor) ; Skowronski, John J. (Autor) ; Davila, America L. (Autor) ; Milner, Joel S. (Autor)
Tipo de documento: Electrónico Artículo
Lenguaje:Inglés
Publicado: 2022
En: Journal of interpersonal violence
Año: 2022, Volumen: 37, Número: 9/10, Páginas: NP7707-NP7728
Acceso en línea: Volltext (lizenzpflichtig)
Verificar disponibilidad: HBZ Gateway
Palabras clave:

MARC

LEADER 00000naa a22000002c 4500
001 188359300X
003 DE-627
005 20240315145422.0
007 cr uuu---uuuuu
008 240315s2022 xx |||||o 00| ||eng c
024 7 |a 10.1177/0886260520969246  |2 doi 
035 |a (DE-627)188359300X 
035 |a (DE-599)KXP188359300X 
040 |a DE-627  |b ger  |c DE-627  |e rda 
041 |a eng 
084 |a 2,1  |2 ssgn 
100 1 |a Crouch, Julie L.  |e VerfasserIn  |4 aut 
245 1 0 |a Do High-Risk Parents Use More Aggression During Competitive Play With Children? 
264 1 |c 2022 
336 |a Text  |b txt  |2 rdacontent 
337 |a Computermedien  |b c  |2 rdamedia 
338 |a Online-Ressource  |b cr  |2 rdacarrier 
520 |a The present study examined the extent to which the aggressive tendencies of parents at risk for perpetrating child physical abuse (CPA) generalize to situations other than discipline-related encounters (e.g., a competitive gaming interaction). Participants included parents who were either low (n = 90) or high (n = 75) risk for CPA. Parents were led to believe that they were playing a game against a child opponent with whom they exchanged sound blasts of varying intensities. Parental sound blast selections served as a proxy for aggressive behavior. Parents were randomly assigned to high or low loss conditions. The fictitious child opponent?s responses were pre-programed so that sound blasts received by parents became louder (i.e., more provocative) over time. As predicted, high CPA risk parents exhibited higher levels of aggression than low CPA risk parents. Moreover, high-risk parents reported having higher levels of aggressive motives during the game than low-risk parents; and aggressive motives explained the link between parental CPA risk and parents? aggressive behavior. With one exception, higher levels of child provocation during the game prompted parents to send higher levels of sound blasts. The exception to this pattern occurred among low-risk parents who experienced high rates of loss during the game. Specifically, low-risk parents in the high loss condition continued to send low levels of sound blasts even as their child opponent became more provocative. Aggressive motives (and the ability to change motives as situations change) may help explain differences in aggressive tendencies evinced by parents with varying levels of CPA risk. 
650 4 |a Aggression 
650 4 |a child physical abuse risk 
650 4 |a Parenting 
700 1 |a Skowronski, John J.  |e VerfasserIn  |4 aut 
700 1 |a Davila, America L.  |e VerfasserIn  |4 aut 
700 1 |a Milner, Joel S.  |e VerfasserIn  |4 aut 
773 0 8 |i Enthalten in  |t Journal of interpersonal violence  |d London [u.a.] : Sage, 1986  |g 37(2022), 9/10, Seite NP7707-NP7728  |h Online-Ressource  |w (DE-627)324614721  |w (DE-600)2028900-5  |w (DE-576)276556305  |x 1552-6518  |7 nnas 
773 1 8 |g volume:37  |g year:2022  |g number:9/10  |g pages:NP7707-NP7728 
856 4 0 |u https://doi.org/10.1177/0886260520969246  |x Resolving-System  |z lizenzpflichtig  |3 Volltext  |7 1 
951 |a AR 
ELC |a 1 
LOK |0 000 xxxxxcx a22 zn 4500 
LOK |0 001 4500612068 
LOK |0 003 DE-627 
LOK |0 004 188359300X 
LOK |0 005 20240315145422 
LOK |0 008 240315||||||||||||||||ger||||||| 
LOK |0 040   |a DE-2619  |c DE-627  |d DE-2619 
LOK |0 092   |o n 
LOK |0 852   |a DE-2619 
LOK |0 852 1  |9 00 
LOK |0 866   |x zotak: Nacherfasst, da in zota-Errors 
LOK |0 935   |a krzo 
LOK |0 939   |a 15-03-24  |b l01 
ORI |a SA-MARC-krimdoka001.raw